000 00589cam a22002291 4500
001 sa 67005300
003 DLC
005 20260227112355.0
008 890712s1966 ii 000 1 hino
010 _asa 67005300
035 _a(OCoLC)19997689
040 _aDLC
_cWaU
_dNRU
_dDLC
042 _apremarc
050 0 0 _aPK2098.C525
_bP3 1966
100 0 _aCaturasena,
_cAcharya,
_d1891-1960.
245 1 0 _aPatthara yuga ke do buta.
250 _a[4. saṃskaraṇa]
260 _aDillī,
_bRājapāla
_c[1966]
300 _a192 p.
_c19 cm.
500 _aIn Hindi.
500 _aA novel.
999 _c75099
_d75099